00648cam a22002171 450000100100000000500170001000800410002701000130006804000230008105000150010410000250011924500600014426000380020430000630024244000250030550400260033065000220035665000190037873000250039708200080042200001128620200929162417.0730410s1964 nyuac b 000 0 eng  a64020219 aDO-SdBNPcDLCdDLC00aQP38b.N881 aNourse, Alan Edward.14aThe body, /cby Alan E. Nourse and the editors of Life. aNew York, :bTime, inc.,c[1964]. a200 p. :billus. (part col.), ports. (part col.) ;c28 cm. 0aLife science library aBibliography: p. 196. 0aHuman physiology. 0aHuman anatomy.0 aLife (Chicago, Ill.)00a612